<?xml version="1.0" encoding="UTF-8"?>
<record
    xmlns:xsi="http://www.w3.org/2001/XMLSchema-instance"
    xsi:schemaLocation="http://www.loc.gov/MARC21/slim http://www.loc.gov/standards/marcxml/schema/MARC21slim.xsd"
    xmlns="http://www.loc.gov/MARC21/slim">

  <leader>02972cam a2200361 i 4500</leader>
  <controlfield tag="001">16267369</controlfield>
  <controlfield tag="003">EG-ScBUE</controlfield>
  <controlfield tag="005">20241015092557.0</controlfield>
  <controlfield tag="008">100604t2011    njua   f b    001 0 eng d</controlfield>
  <datafield tag="020" ind1=" " ind2=" ">
    <subfield code="a">9780470609705</subfield>
  </datafield>
  <datafield tag="040" ind1=" " ind2=" ">
    <subfield code="a">DLC</subfield>
    <subfield code="b">eng</subfield>
    <subfield code="e">rda</subfield>
    <subfield code="c">DLC</subfield>
    <subfield code="d">DLC</subfield>
    <subfield code="d">EG-ScBUE</subfield>
  </datafield>
  <datafield tag="082" ind1="0" ind2="4">
    <subfield code="2">22</subfield>
    <subfield code="a">515.35</subfield>
    <subfield code="b">STA</subfield>
  </datafield>
  <datafield tag="100" ind1="1" ind2=" ">
    <subfield code="a">Stakgold, Ivar,</subfield>
    <subfield code="e">author.</subfield>
  </datafield>
  <datafield tag="245" ind1="1" ind2="0">
    <subfield code="a">Green's functions and boundary value problems /</subfield>
    <subfield code="c">Ivar Stakgold, Department of Mathematical Sciences, University of Delaware, Newark, Delaware and Department of Mathematics, University of California, San Diego, La Jolla, California, Michael J. Holst, Department of Mathematics and Physics, University of California, San Diego, La Jolla, California.</subfield>
  </datafield>
  <datafield tag="250" ind1=" " ind2=" ">
    <subfield code="a">Third edition.</subfield>
  </datafield>
  <datafield tag="264" ind1=" " ind2="1">
    <subfield code="a">Hoboken, New Jersey :</subfield>
    <subfield code="b">A John Wiley &amp; Sons,</subfield>
    <subfield code="c">[2011]</subfield>
  </datafield>
  <datafield tag="264" ind1=" " ind2="4">
    <subfield code="c">c2011</subfield>
  </datafield>
  <datafield tag="300" ind1=" " ind2=" ">
    <subfield code="a">xxi, 855 pages :</subfield>
    <subfield code="b">illustrations ;</subfield>
    <subfield code="c">25 cm.</subfield>
  </datafield>
  <datafield tag="336" ind1=" " ind2=" ">
    <subfield code="2">rdacontent</subfield>
    <subfield code="a">text</subfield>
    <subfield code="b">txt</subfield>
  </datafield>
  <datafield tag="337" ind1=" " ind2=" ">
    <subfield code="a">unmediated</subfield>
    <subfield code="2">rdamedia</subfield>
    <subfield code="b">n</subfield>
  </datafield>
  <datafield tag="338" ind1=" " ind2=" ">
    <subfield code="a">volume</subfield>
    <subfield code="b">nc</subfield>
    <subfield code="2">rdacarrier</subfield>
  </datafield>
  <datafield tag="490" ind1="0" ind2=" ">
    <subfield code="a">Pure and applied mathematics ;</subfield>
    <subfield code="v">99</subfield>
  </datafield>
  <datafield tag="504" ind1=" " ind2=" ">
    <subfield code="a">Includes bibliographical references and index.</subfield>
  </datafield>
  <datafield tag="520" ind1=" " ind2=" ">
    <subfield code="a">"This Third Edition includes basic modern tools of computational mathematics for boundary value problems and also provides the foundational mathematical material necssary to understand and use the tools.  Central to the text is a down-to-earth approach that shows readers how to use differential and integral equations when tackling significant problems in the physical sciences, engineering, and applied mathematics, and the book maintains a careful balance between sound mathematics and meaningful applications. A new co-author, Michael J. Holst, has been added to this new edition, and together he and Ivar Stakgold incorporate recent developments that have altered the field of applied mathematics, particularly in the areas of approximation methods and theory including best linear approximation in linear spaces; interpolation of functions in Sobolev Spaces; spectral, finite volume, and finite difference methods; techniques of nonlinear approximation; and Petrov-Galerkin and Galerkin methods for linear equations.    Additional topics have been added including weak derivatives and Sobolev Spaces, linear functionals, energy methods and A Priori estimates, fixed-point techniques, and critical and super-critical exponent problems.    The authors have revised the complete book to ensure that the notation throughout remained consistent and clear as well as adding new and updated references. Discussions on modeling, Fourier analysis, fixed-point theorems, inverse problems, asymptotics, and nonlinear methods have also been updated"--</subfield>
  </datafield>
  <datafield tag="650" ind1=" " ind2="7">
    <subfield code="a">Boundary value problems.</subfield>
    <subfield code="2">BUEsh</subfield>
    <subfield code="9">18377</subfield>
  </datafield>
  <datafield tag="650" ind1=" " ind2="7">
    <subfield code="a">Green's functions.</subfield>
    <subfield code="2">BUEsh</subfield>
  </datafield>
  <datafield tag="650" ind1=" " ind2="7">
    <subfield code="a">Mathematical physics.</subfield>
    <subfield code="2">BUEsh</subfield>
    <subfield code="9">6575</subfield>
  </datafield>
  <datafield tag="651" ind1=" " ind2=" ">
    <subfield code="2">BUEsh</subfield>
  </datafield>
  <datafield tag="653" ind1=" " ind2=" ">
    <subfield code="b">ENGGEN</subfield>
    <subfield code="c">February2017</subfield>
  </datafield>
  <datafield tag="655" ind1=" " ind2=" ">
    <subfield code="v">Reading book</subfield>
  </datafield>
  <datafield tag="700" ind1="1" ind2=" ">
    <subfield code="a">Holst, Michael J.,</subfield>
    <subfield code="e">author.</subfield>
  </datafield>
  <datafield tag="942" ind1=" " ind2=" ">
    <subfield code="2">ddc</subfield>
    <subfield code="c">BB</subfield>
  </datafield>
  <datafield tag="999" ind1=" " ind2=" ">
    <subfield code="c">24198</subfield>
    <subfield code="d">24170</subfield>
  </datafield>
  <datafield tag="952" ind1=" " ind2=" ">
    <subfield code="0">0</subfield>
    <subfield code="1">0</subfield>
    <subfield code="2">ddc</subfield>
    <subfield code="4">0</subfield>
    <subfield code="7">0</subfield>
    <subfield code="8">Baccah</subfield>
    <subfield code="a">MAIN</subfield>
    <subfield code="b">MAIN</subfield>
    <subfield code="c">1ST</subfield>
    <subfield code="d">2017-02-20</subfield>
    <subfield code="e">Purchase</subfield>
    <subfield code="g">2650.00</subfield>
    <subfield code="l">0</subfield>
    <subfield code="o">515.35 STA</subfield>
    <subfield code="p">000045558</subfield>
    <subfield code="r">2025-07-15 00:00:00</subfield>
    <subfield code="v">3313.00</subfield>
    <subfield code="y">NB</subfield>
  </datafield>
</record>
